О самодиагностике цифровых устройств методов контроля последовательности импульсов; Известия Томского политехнического института [Известия ТПИ]; Т. 294 : Автоматика и вычислительная техника

Detalles Bibliográficos
Parent link:Известия Томского политехнического института [Известия ТПИ]/ Томский политехнический институт (ТПИ).— , 1944-1976
Т. 294 : Автоматика и вычислительная техника.— 1976.— [С. 108-111]
Autor Principal: Байда Н. П.
Summary:Заглавие с титульного листа
Электронная версия печатной публикации
Рассматриваются вопросы усовершенствования метода контроля последовательности импульсов и его использования для непрерывной самодиагностики цифровых устройств. Описываются функциональные схемы устройств для контроля последовательности импульсов, обладающих существенными преимуществами по сравнению с известными устройствами.
Idioma:ruso
Publicado: 1976
Subjects:
Acceso en liña:Черно-белая версия для предварительного просмотра
Цветная версия без потери качества
Formato: Electrónico Capítulo de libro
KOHA link:https://koha.lib.tpu.ru/cgi-bin/koha/opac-detail.pl?biblionumber=240092

MARC

LEADER 00000nla2a2200000 4500
001 240092
005 20231031205600.0
035 |a (RuTPU)RU\TPU\book\261340 
035 |a RU\TPU\book\261337 
090 |a 240092 
100 |a 20130619d1976 k y0rusy50 ca 
101 0 |a rus 
102 |a RU 
135 |a drnn ---uucaa 
181 0 |a i  
182 0 |a b 
200 1 |a О самодиагностике цифровых устройств методов контроля последовательности импульсов  |b Электронный ресурс  |f Н. П. Байда 
203 |a Текст  |c электронный 
215 |a 2 файла (176 Кб, 5 Мб) 
230 |a Электронные текстовые данные (2 файла : 176 Кб, 5 Мб) 
300 |a Заглавие с титульного листа 
300 |a Электронная версия печатной публикации 
320 |a [Библиогр.: с. 111 (5 назв.)] 
330 |a Рассматриваются вопросы усовершенствования метода контроля последовательности импульсов и его использования для непрерывной самодиагностики цифровых устройств. Описываются функциональные схемы устройств для контроля последовательности импульсов, обладающих существенными преимуществами по сравнению с известными устройствами. 
337 |a Adobe Reader 
461 1 |0 (RuTPU)RU\TPU\book\200995  |t Известия Томского политехнического института [Известия ТПИ]  |f Томский политехнический институт (ТПИ)  |d 1944-1976 
463 1 |0 (RuTPU)RU\TPU\book\261297  |t Т. 294 : Автоматика и вычислительная техника  |v [С. 108-111]  |d 1976  |p 156 с. 
610 1 |a электронный ресурс 
610 1 |a труды учёных ТПУ 
675 |a 681.326  |v 3 
700 1 |a Байда  |b Н. П. 
801 1 |a RU  |b 63413507  |c 20090320  |g PSBO 
801 2 |a RU  |b 63413507  |c 20130627  |g PSBO 
856 4 |u http://www.lib.tpu.ru/fulltext/v/Bulletin_TPU/1976/v294/23_bw.pdf  |z Черно-белая версия для предварительного просмотра 
856 4 |u http://www.lib.tpu.ru/fulltext/v/Bulletin_TPU/1976/v294/23_full.pdf  |z Цветная версия без потери качества 
942 |c CF